00639nab a2200181 uc450000100070000000500170000700800410002403500110006503500210007604000130009704100080011024500480011865000290016665000510019565000390024665000280028577301440031372558520260427102452.0020314s1998 spa  a725585 a(OCoLC)819935857 ccomduadb aspa10aUn hombre que cumplio su mision a cabalidad aVelasquez Cuartas, David aUniversidad de Antioquia. Facultad de Medicina aUniversidad de Antioquia - Decanos aMédicos antioqueños0 tAlma Mater. Universidad de Antioquia (Medellín)gNúmero 462, Noviembre 1998, p. 3w(CO-MdUADB)700931x1657-43030212942o61000004291290